Cities by Continent-Medium - Statistics

General Stats
  • This quiz has been taken 44 times
  • The average score is 11 of 12
Answer Stats
Hint Answer % Correct
Manila Asia
95%
Geneva Europe
95%
Prague Europe
95%
Havana North America
93%
Mombasa Africa
90%
Luanda Africa
90%
Hanoi Asia
90%
Wellington Oceania
90%
La Paz South America
86%
Guadalajara North America
81%
Guayaquil South America
81%
Suva Oceania
69%
No matching quizzes found
Score Distribution
Percent of People with Each Score
Percentile by Number Answered
Your Score History
You have not taken this quiz